| 000 | 00382nam a2200157Ia 4500 | ||
|---|---|---|---|
| 003 | GCL | ||
| 040 |
_aGCL / _cGCL |
||
| 082 | 0 | 4 |
_aCH _b372.216 _bR L |
| 100 | 1 | _aROGERS, MARJORIE | |
| 245 | 1 | 0 |
_a1 2 3-TEDDY IS DABEI! / _cROGERS, MARJORIE |
| 260 |
_a[S.N] : _bPESTALOZZI- VERLAG ، _c1986 |
||
| 650 | 0 | 4 | _aGERMAN LANGUAGE |
| 650 | 0 | 4 | _aCHILDREN |
| 650 | 0 | 4 | _aTALES |
| 942 |
_2ddc _cBK |
||
| 999 |
_c18048 _d18048 |
||